000 00879nam a2200205 a 4500
001 000046238
005 20240319114520.0
008 150709s1999 dr 000 0 spa d
020 _z9769502790
040 _aDO-SdBNP
_bspa
_cBNPHU
082 _axxxx
_bxxxx
245 0 0 _aSistema nacional de ciencia y tecnología :
_b(propuesta para su creación) /
_ccoordinador ; Dario Tejeda ; presentación Onofre Rojas.
260 _aSanto Domingo :
_bComisión Presidencial para la Reforma y Modernización del Estado , Area de Administración Pública, Equipo de Desarrollo Sostenible,
_c1999.
300 _aiv, 164 p. ;
_c21 cm.
490 1 _aEstudios de la reforma
_v1
500 _aIncluye referencias bibliográficas y notas al pie de las páginas.
700 1 2 _aRojas, Onofre,
_epres.
_931119
700 1 2 _aTejeda, Darío
_ecoor.
_92540
830 0 _aEstudios de la reforma.
_n1
_946833
999 _c45727
_d45727